Communist China's Strategy in The Nuclear Era / (Record no. 4833)
[ view plain ]
| 000 -LEADER | |
|---|---|
| fixed length control field | 00590nam a2200217 a 4500 |
| 003 - CONTROL NUMBER IDENTIFIER | |
| JCCL marc code | BD-JhCC |
| 005 - DATE AND TIME OF LATEST TRANSACTION | |
| control field | 20171204095257.0 |
| 008 - FIXED-LENGTH DATA ELEMENTS--GENERAL INFORMATION | |
| fixed length control field | 171204s1962 u a|||| || | 001 0 eng d |
| 035 ## - SYSTEM CONTROL NUMBER | |
| system control number | (BD-JhCC) |
| 040 ## - CATALOGING SOURCE | |
| Original cataloging agency | BD-JhCC |
| Modifying agency | BD-JhCC |
| 041 ## - LANGUAGE CODE | |
| Language code of Book | eng |
| 082 ## - DEWEY DECIMAL CLASSIFICATION NUMBER | |
| Classification number | 951.05 |
| Author mark and Year | HSI 1962 |
| 100 ## - MAIN ENTRY--PERSONAL NAME | |
| Personal name | Hsieh, Alice Langley |
| 245 ## - TITLE STATEMENT | |
| Title | Communist China's Strategy in The Nuclear Era / |
| Statement of responsibility, etc | Alice Langley Hsieh, |
| 260 ## - PUBLICATION, DISTRIBUTION, ETC. (IMPRINT) | |
| Place of publication, distribution, etc | USA : |
| Name of publisher, distributor, etc | Prentice-Hall, Inc. |
| Date of publication, distribution, etc | 1962. |
| 300 ## - PHYSICAL DESCRIPTION | |
| Pagination | 203 p. : |
| Dimensions | 20 cm. |
| 504 ## - BIBLIOGRAPHY, ETC. NOTE | |
| Bibliography, etc | Bibliography |
| 650 ## - SUBJECT ADDED ENTRY--TOPICAL TERM | |
| Topical term or geographic name as entry element | China |
| Geographic subdivision | Military Policy |
| 942 ## - ADDED ENTRY ELEMENTS (KOHA) | |
| Source of classification or shelving scheme | Dewey Decimal Classification |
| Koha item type | Books |
No items available.